| 000 | 00469nam a22001457a 4500 | ||
|---|---|---|---|
| 082 |
_a355.33041 _bSER _cL-30, P-8A |
||
| 100 |
_aThe Royal Military Academy, Sandhrust _948809 |
||
| 245 |
_aServe to Lead _bAn Anthology _cThe Royal Military Academy, Sandhrust |
||
| 260 | _bThe Royal Military Academy, Sandhrust | ||
| 300 | _a83 P, : | ||
| 526 |
_a0 _b0 _c0 _d355_330410000000000_SER |
||
| 526 |
_a0 _b0 _c0 _d355_330410000000000_SER |
||
| 650 |
_aMCE _9379 |
||
| 942 |
_2ddc _cBK |
||
| 999 |
_c551670 _d551670 |
||